On This Day: December 21st Quiz Stats

 Plays Quiz Updated Dec 21, 2017

Challenge
Share
Tweet
Embed
Score 0/7 Timer 03:00
1 Play Today
Question Answer Wrong Answers
Arthur Wynne’s word puzzle is published in the ‘New York World’, often considered the first modern ______ puzzle.
1913
Crossword
95.6%
Word Search
1.6%
Sudoku
1.9%
Rebus
0.8%
This American actor, who has had roles in numerous films, like ‘Pulp Fiction’ and the ‘Star Wars’ prequel trilogy, is born.
1948
Samuel L. Jackson
81.8%
John Travolta
10.5%
Denzel Washington
2.4%
Bruce Willis
2.8%
This city, which the New Testament identifies as the birthplace of Jesus, passes from Israeli to Palestinian control.
1995
Bethlehem
80.9%
Jerusalem
14.8%
Jericho
1%
Haifa
0.6%
This film, considered the world’s first full-length animated feature, premieres at the Carthay Circle Theatre in Hollywood.
1937
Snow White and the Seven Dwarfs
78.7%
Sleeping Beauty
8.9%
Bambi
6.4%
Pinocchio
4.6%
A formal treaty of alliance between ______ and Japan is signed at the Temple of the Emerald Buddha.
1941
Thailand
48.3%
India
22%
Sri Lanka
4.4%
Indonesia
23%
This day is regarded as the end-date of a 5,126-year-long cycle in the ______ Long Count calendar, leading some to expect an occurence of cataclysmic events (which failed to happen).
2012
Mesoamerican
33.3%
Incan
55.8%
Cherokee
3.4%
Inuit
4.1%
American settlers in Nacogdoches, Mexican Texas, declare their independence, starting this conflict.
1826
Fredonian Rebellion
11.6%
Texas Revolution
35.8%
Battle of the Alamo
24.2%
Mexican War of Independence
28.3%

Today's Daily Dose

Missing Word
Entertainment 'M'

Word Ladder
North Carolina

On This Day
January 16th II

You're not logged in!

Compare scores with friends on all Sporcle quizzes.
OR
Log In

You Might Also Like...

Show Comments

Extras

Top Quizzes Today


Score Distribution

Your Account Isn't Verified!

In order to create a playlist on Sporcle, you need to verify the email address you used during registration. Go to your Sporcle Settings to finish the process.

Report this User

Report this user for behavior that violates our Community Guidelines.

Details: